Five poems, 1470-1870; (Record no. 77141)
[ view plain ]
| 000 -LEADER | |
|---|---|
| fixed length control field | 01165cam a22002651 4500 |
| 001 - CONTROL NUMBER | |
| control field | 77141 |
| 003 - CONTROL NUMBER IDENTIFIER | |
| rucl marc code | BD-RjUL |
| 005 - DATE AND TIME OF LATEST TRANSACTION | |
| control field | 20211209082930.0 |
| 008 - FIXED-LENGTH DATA ELEMENTS--GENERAL INFORMATION | |
| fixed length control field | 200227s1948 enkf 001 0 eng |
| 035 ## - SYSTEM CONTROL NUMBER | |
| System control number | (BD-RjUL)77365 |
| 040 ## - CATALOGING SOURCE | |
| Original cataloging agency | DLC |
| Transcribing agency | ViRCU |
| Modifying agency | OCoLC |
| -- | DLC |
| Language of cataloging | eng |
| 041 ## - LANGUAGE CODE | |
| Language code of text/sound track or separate title | eng |
| 082 ## - DEWEY DECIMAL CLASSIFICATION NUMBER | |
| Classification number | 821.09 |
| Edition number | 23 |
| Author mark and year | TIF 1948 |
| 100 1# - MAIN ENTRY--PERSONAL NAME | |
| Personal name | Tillyard, E. M. W. |
| Fuller form of name | (Eustace Mandeville Wetenhall), |
| Dates associated with a name | 1889-1962. |
| 9 (RLIN) | 239918 |
| 245 10 - TITLE STATEMENT | |
| Title | Five poems, 1470-1870; |
| Remainder of title | an elementary essay on the background of English literature./ |
| Statement of responsibility, etc. | E.M.F. Tillyard |
| 260 ## - PUBLICATION, DISTRIBUTION, ETC. (IMPRINT) | |
| Place of publication, distribution, etc. | London, |
| Name of publisher, distributor, etc. | Chatto & Windus, |
| Date of publication, distribution, etc. | 1948. |
| 300 ## - PHYSICAL DESCRIPTION | |
| Pagination | viii, 127 p.: |
| Illustrations | plates.; |
| Size | 21 cm. |
| 505 0# - FORMATTED CONTENTS NOTE | |
| Formatted contents note | Henryson: The testament of Cresseid, 1470?--Sir John Davies: Orchestra, 1594.--Dryden: Ode on Anne Killigrew, 1686.--Coleridge: The rime of the ancient mariner, 1798.--Swinburne: Hertha, 1870.--Epilogue.--Notes on the illustrations.--Text of Ode on Anne Killigrew.--Text of Hertha. |
| 650 #0 - SUBJECT ADDED ENTRY--TOPICAL TERM | |
| Topical term or geographic name as entry element | English poetry |
| General subdivision | History and criticism. |
| 9 (RLIN) | 239919 |
| Topical term or geographic name as entry element | Cressida (Fictitious character) |
| 9 (RLIN) | 239920 |
| 906 ## - LOCAL DATA ELEMENT F, LDF (RLIN) | |
| a | 7 |
| b | cbc |
| c | oclcrpl |
| d | u |
| e | ncip |
| f | 19 |
| g | y-gencatlg |
| 942 ## - ADDED ENTRY ELEMENTS (KOHA) | |
| Source of classification or shelving scheme | Dewey Decimal Classification |
| Koha item type | Books |
| Lost status | Source of classification or shelving scheme | Damaged status | Not for loan | Collection code | Permanent Location | Current Location | Shelving location | Date acquired | Total Checkouts | Full call number | Date last seen | Copy number | Koha item type |
|---|---|---|---|---|---|---|---|---|---|---|---|---|---|
| Dewey Decimal Classification | Not For Loan | Non-fiction | Central Library, University of Rajshahi | Central Library, University of Rajshahi | Reading Room | 26/02/2020 | 821.09 TIF 1948 | 26/02/2020 | C-1 | Books |